书目信息 |
| 题名: |
老北京的三百六十行
|
|
| 作者: | 李德生 著 | |
| 分册: | ||
| 出版信息: | 太原 山西古籍出版社 2006.06 |
|
| 页数: | 349页 | |
| 开本: | 26cm | |
| 丛书名: | ||
| 单 册: | ||
| 中图分类: | D691.92-64 | |
| 科图分类: | ||
| 主题词: | 职业--zhi ye--北京市--图集 | |
| 电子资源: | ||
| ISBN: | 7-80598-733-5 | |
| 000 | 00734nam0 2200217 450 | |
| 001 | 012006185212 | |
| 005 | 20061129144928.39 | |
| 010 | @a7-80598-733-5@dCNY85.00 | |
| 100 | @a20061027d2006 km y0chiy0120 ea | |
| 101 | 0 | @achi |
| 102 | @aCN@b140000 | |
| 105 | @aa z 000yy | |
| 200 | 1 | @a老北京的三百六十行@Alao bei jing de san bai liu shi xing@f李德生著@Fli de sheng zhu |
| 210 | @a太原@c山西古籍出版社@d2006.06 | |
| 215 | @a349页@c图@d26cm | |
| 330 | @a本书为广大读者展开了一幅百年前老北京的“清明上河图”式的巨帕长卷, 重现了当年趣味盎然的市井生活和世情百态。 | |
| 606 | 0 | @a职业@Azhi ye@y北京市@j图集 |
| 690 | @aD691.92-64@v4 | |
| 701 | 0 | @a李德生@Ali de sheng@4著 |
| 801 | 0 | @aCN@c20061129 |
| 905 | @a10447@dD691.92-64@eL146 | |
| 老北京的三百六十行/李德生著.-太原:山西古籍出版社,2006.06 |
| 349页:图;26cm |
| ISBN 7-80598-733-5:CNY85.00 |
| 本书为广大读者展开了一幅百年前老北京的“清明上河图”式的巨帕长卷, 重现了当年趣味盎然的市井生活和世情百态。 |
| ● |
| 相关链接 |
|
|
|
正题名:老北京的三百六十行
索取号:D691.92-64/L146
 
预约/预借
| 序号 | 登录号 | 条形码 | 馆藏地/架位号 | 状态 | 备注 |
| 1 | 223798 | 202237980 | 社科库509/509社科库 77排6列4层/ [索取号:D691.92-64/L146] | 在馆 | |
| 2 | 223799 | 202237999 | 社科库509/509社科库 77排6列4层/ [索取号:D691.92-64/L146] | 在馆 | |
| 3 | 223800 | 202238006 | 社科库509/422社科库 41排1列1层/ [索取号:D691.92-64/L146] | 在馆 |